<?xml version="1.0" encoding="UTF-8"?>
<record
    xmlns:xsi="http://www.w3.org/2001/XMLSchema-instance"
    xsi:schemaLocation="http://www.loc.gov/MARC21/slim http://www.loc.gov/standards/marcxml/schema/MARC21slim.xsd"
    xmlns="http://www.loc.gov/MARC21/slim">

  <leader>01216nam a2200217 a 4500</leader>
  <datafield tag="090" ind1=" " ind2=" ">
    <subfield code="a">IAVH</subfield>
    <subfield code="b">00615</subfield>
  </datafield>
  <datafield tag="041" ind1=" " ind2=" ">
    <subfield code="a">spa</subfield>
  </datafield>
  <datafield tag="100" ind1=" " ind2=" ">
    <subfield code="a">Vela Zarama, Norma Liliana</subfield>
    <subfield code="9">92470</subfield>
  </datafield>
  <datafield tag="245" ind1=" " ind2=" ">
    <subfield code="a">Caracterizaci&#xF3;n y an&#xE1;lisis flor&#xED;stico estructural y de uso-manejo de los cercos vivos en la cuenca alta del r&#xED;o Pasto (Nari&#xF1;o) y en la cuenca del r&#xED;o Nima (Valle del Cauca)</subfield>
  </datafield>
  <datafield tag="260" ind1=" " ind2=" ">
    <subfield code="a">San Juan de Pasto</subfield>
    <subfield code="b">Instituto Alexander von Humboldt</subfield>
    <subfield code="c">2005</subfield>
  </datafield>
  <datafield tag="300" ind1=" " ind2=" ">
    <subfield code="a">12 p.</subfield>
  </datafield>
  <datafield tag="520" ind1=" " ind2=" ">
    <subfield code="a">Se hizo la compilaci&#xF3;n de bibliograf&#xED;a relacionada con el &#xE1;rea de estudio. Se identificaron y seleccionaron los cercos vivos para la zona de la cuenca del r&#xED;o Pasto. Se realiz&#xF3; la tipificaci&#xF3;n local de los cercos vivos presentes en las &#xE1;reas seleccionadas, atendiendo a caracter&#xED;sticas tales como: origen, tama&#xF1;o, &#xE1;rea de distribuci&#xF3;n y conectividad y condiciones topogr&#xE1;ficas, para la zona de la cuenca alta del r&#xED;o Pasto.</subfield>
  </datafield>
  <datafield tag="650" ind1=" " ind2=" ">
    <subfield code="a">Composici&#xF3;n flor&#xED;stica</subfield>
    <subfield code="9">3868</subfield>
  </datafield>
  <datafield tag="650" ind1=" " ind2=" ">
    <subfield code="a">Flora</subfield>
    <subfield code="9">92293</subfield>
  </datafield>
  <datafield tag="650" ind1=" " ind2=" ">
    <subfield code="a">Uso sostenible</subfield>
    <subfield code="9">344</subfield>
  </datafield>
  <datafield tag="650" ind1=" " ind2=" ">
    <subfield code="a">Cercos vivos</subfield>
    <subfield code="9">79916</subfield>
  </datafield>
  <datafield tag="650" ind1=" " ind2=" ">
    <subfield code="a">Cuencas hirdrogr&#xE1;ficas</subfield>
    <subfield code="9">92472</subfield>
  </datafield>
  <datafield tag="662" ind1=" " ind2=" ">
    <subfield code="a">Colombia</subfield>
    <subfield code="c">R&#xED;o Nima</subfield>
    <subfield code="b">Valle del Cauca</subfield>
  </datafield>
  <datafield tag="662" ind1=" " ind2=" ">
    <subfield code="a">Colombia</subfield>
    <subfield code="c">R&#xED;o Pasto</subfield>
    <subfield code="b">Nari&#xF1;o</subfield>
  </datafield>
  <datafield tag="945" ind1=" " ind2=" ">
    <subfield code="d">2007-08-16</subfield>
  </datafield>
  <datafield tag="999" ind1=" " ind2=" ">
    <subfield code="c">6121</subfield>
    <subfield code="d">6121</subfield>
  </datafield>
</record>
